Parental Socio-Economic status and their Children's primary education : (Record no. 84348)
[ view plain ]
| 000 -LEADER | |
|---|---|
| fixed length control field | 01078nam a2200253 a 4500 |
| 001 - CONTROL NUMBER | |
| RUCL Control Number | 84348 |
| 003 - CONTROL NUMBER IDENTIFIER | |
| rucl marc code | BD-RjUL |
| 005 - DATE AND TIME OF LATEST TRANSACTION | |
| control field | 20241124111401.0 |
| 008 - FIXED-LENGTH DATA ELEMENTS--GENERAL INFORMATION | |
| fixed length control field | 241124s2012 bg a|||| m||| 00| 0 eng d |
| 035 ## - SYSTEM CONTROL NUMBER | |
| system control number | (BD-RjUL)84348 |
| 040 ## - CATALOGING SOURCE | |
| Original cataloging agency | BD-RjUL |
| Language of cataloging | eng |
| Transcribing agency | BD-RjUL |
| Modifying agency | BD-RjUL |
| 041 ## - LANGUAGE CODE | |
| Language code of Book | eng |
| 082 ## - DEWEY DECIMAL CLASSIFICATION NUMBER | |
| Classification number | 372.95492 |
| DDC Edition number | 23 |
| Author mark and Year | DEP 2014 |
| 100 ## - MAIN ENTRY--PERSONAL NAME | |
| Personal name | Hossain, Md. Delwar |
| 9 (RLIN) | 14384 |
| 245 ## - TITLE STATEMENT | |
| Title | Parental Socio-Economic status and their Children's primary education : |
| Remainder of title | A comparative study on santal and organ communities in rural Bangladesh / |
| Statement of responsibility, etc | by Md. Delwar Hossain ; |
| Name of Supervisor/Co-Supervisor | Supervisor Md. Jalal Uddin, Co-supervisor Md. Emaj Uddin |
| 260 ## - PUBLICATION, DISTRIBUTION, ETC. (IMPRINT) | |
| Place of publication, distribution, etc | Rajshahi : |
| Name of publisher, distributor, etc | Institute of Education and Research (IER), University of Rajshahi, |
| Date of publication, distribution, etc | 2014 |
| 300 ## - PHYSICAL DESCRIPTION | |
| Pagination | ix, 55 p. ; |
| Dimensions | 29 cm. |
| 502 ## - DISSERTATION NOTE | |
| Dissertation note | Thesis (M. phil.) -- Institute of Education and research (IER), University of Rajshahi, 2014 |
| 504 ## - BIBLIOGRAPHY, ETC. NOTE | |
| Bibliography, etc | Bibliography: leaves [45-53] |
| 650 ## - SUBJECT ADDED ENTRY--TOPICAL TERM | |
| Topical term or geographic name as entry element | Primary Education |
| Geographic subdivision | Bangladesh |
| 9 (RLIN) | 7004 |
| 700 ## - ADDED ENTRY--SUPERVISOR/CO-SUPERVISOR NAME | |
| Personal name | Uddin, Jalal, Suvervisor |
| 9 (RLIN) | 633 |
| Personal name | Uddin, Md. Emaj, Co-supervisor |
| 9 (RLIN) | 14385 |
| 942 ## - ADDED ENTRY ELEMENTS (KOHA) | |
| Source of classification or shelving scheme | Dewey Decimal Classification |
| Koha item type | Theses |
| Source of classification or shelving scheme | Damaged status | Not for loan | Permanent Location | Current Location | Shelving location | Date of accession | Full call number | Barcode | Date last seen | Copy number | Thesis |
|---|---|---|---|---|---|---|---|---|---|---|---|
| Dewey Decimal Classification | Not For Loan | Central Library, University of Rajshahi | Central Library, University of Rajshahi | Documentation Section | 24/11/2024 | THE 372.95492 DEP 2014 | D3811 | 24/11/2024 | C-1 | Theses |